LEADER 00971nam a2200241 i 4500 001 991001835719707536 005 20020503154109.0 008 940411s1967 sw ||| | eng 035 $ab10279659-39ule_inst 035 $aEXGIL92273$9ExL 040 $aBiblioteca Interfacoltà$bita 100 1 $aBergquist, Birgitta$0205291 245 14$aThe archaic greek Temenos :$ba study of structure and function /$cby Birgitta Bergquist 260 $aLund :$bC. Gleerup,$c1967 300 $aXV, 136 p., 12 p. di tav., 1 c. topogr. ;$c30 cm. 500 $aCorrisponde al vol. 13 di "Skrifter utgivna av svenska Institutet i Athen, -4?". 650 4$aTempli greci 907 $a.b10279659$b02-04-14$c27-06-02 912 $a991001835719707536 945 $aLE002 Fondo Brown 189$g1$iLE002-6347N$lle002$o-$pE0.00$q-$rn$so $t0$u0$v0$w0$x0$y.i1033189x$z27-06-02 996 $aArchaic greek Temenos$9211012 997 $aUNISALENTO 998 $ale002$b01-01-94$cm$da $e-$feng$gsw $h4$i1 LEADER 01683nam 2200361 450 001 9910688326903321 005 20230624140919.0 035 $a(CKB)5400000000045715 035 $a(NjHacI)995400000000045715 035 $a(EXLCZ)995400000000045715 100 $a20230624d2020 uy 0 101 0 $aeng 135 $aur||||||||||| 181 $ctxt$2rdacontent 182 $cc$2rdamedia 183 $acr$2rdacarrier 200 00$aParaffin $ean Overview /$fedited by Fathi Samir Soliman 210 1$aLondon :$cIntechOpen,$d2020. 210 4$d©2020 215 $a1 online resource (xi, 92 pages) $cillustrations 311 $a1-83880-596-6 330 $aParaffin waxes make up the majority of commercial waxes. Waxes are characterized by the carbon number, hardness, crystal shape, composition, and molecular weight. These characteristics determine the condition of separating the wax. Paraffin wax is widely used in different industries such as ink, paper, cosmetics, ceramics using powder injection molding and energy storage as phase change materials. Consumption of wax products has increased in the world; especially for food, pharmaceutical products, cosmetics, as well as specialty products. The increase of profitability of wax production will lie in the improvement of blending and modification techniques for macro and micro-crystalline waxes used as the base materials. 517 $aParaffin 606 $aParaffin wax 615 0$aParaffin wax. 676 $a553.0973 702 $aSamir Soliman$b Fathi 801 0$bNjHacI 801 1$bNjHacl 906 $aBOOK 912 $a9910688326903321 996 $aParaffin$92955560 997 $aUNINA